[Event "Kishinev Binefacere op"]
[Site "Kishinev"]
[Date "2007.04.29"]
[Round "9"]
[White "Prociuc, Evgenii"]
[Black "Cravcenco, Denis"]
[Result "1-0"]
[WhiteElo "2156"]
[BlackElo "1856"]
[PlyCount "65"]
[EventDate "2007.04.21"]
[EventType "swiss"]
[EventRounds "9"]
[EventCountry "MDA"]
[SourceTitle "CBM 118 Extra"]
[Source "ChessBase"]
[SourceDate "2007.07.04"]
[SourceVersion "1"]
[SourceVersionDate "2007.07.04"]
[SourceQuality "1"]

1. e4 c6 2. d3 d5 3. Nd2 Qc7 4. Ngf3 Bg4 5. Be2 e5 6. 0-0 Nf6 7. exd5 cxd5 8. Nxe5 Qxe5 9. Bxg4 Be7 10. Re1 Qc7 11. Bf3 Nc6 12. c3 0-0 13. d4 Rad8 14. Nf1 b5 15. Bg5 b4 16. Ne3 Ng4 17. Bxe7 Qxh2+ 18. Kf1 Nxf2 19. Kxf2 Nxe7 20. Rh1 Qf4 21. Qd3 Ng6 22. Qf5 Rfe8 23. Qxf4 Nxf4 24. Rad1 bxc3 25. bxc3 Rc8 26. Nxd5 Nxd5 27. Bxd5 Rxc3 28. Rc1 Rec8 29. Rxc3 Rxc3 30. Rb1 h6 31. Rb7 Rd3 32. Rb8+ Kh7 33. Be4+ 1-0

[Event "Kishinev Binefacere op"]
[Site "Kishinev"]
[Date "2007.04.25"]
[Round "5"]
[White "Cravcenco, Denis"]
[Black "Mashtakov, Evgeny"]
[Result "0-1"]
[WhiteElo "1856"]
[BlackElo "2060"]
[PlyCount "61"]
[EventDate "2007.04.21"]
[EventType "swiss"]
[EventRounds "9"]
[EventCountry "MDA"]
[SourceTitle "CBM 118 Extra"]
[Source "ChessBase"]
[SourceDate "2007.07.04"]
[SourceVersion "1"]
[SourceVersionDate "2007.07.04"]
[SourceQuality "1"]

1. d4 Nf6 2. Nf3 e6 3. e3 c5 4. c3 b6 5. Bd3 Bb7 6. Nbd2 d5 7. 0-0 Nbd7 8. b3 Bd6 9. Bb2 0-0 10. c4 Ne4 11. Qc2 f5 12. Ne5 Nxe5 13. dxe5 Bc7 14. Rad1 Qe7 15. f3 Nxd2 16. Rxd2 Rad8 17. Rfd1 Rf7 18. cxd5 exd5 19. Bxf5 g6 20. Bd3 Bxe5 21. Be4 Bxb2 22. Qxb2 Qe6 23. Qc3 Re7 24. Rd3 Rd6 25. Qd2 Red7 26. a4 Kf7 27. Kh1 Qe5 28. b4 Ke7 29. bxc5 bxc5 30. Bxg6 hxg6 31. Qa5 0-1

[Event "Kishinev Binefacere op"]
[Site "Kishinev"]
[Date "2007.04.22"]
[Round "2"]
[White "Chircu, Vadim"]
[Black "Cravcenco, Denis"]
[Result "1-0"]
[WhiteElo "2030"]
[BlackElo "1856"]
[PlyCount "47"]
[EventDate "2007.04.21"]
[EventType "swiss"]
[EventRounds "9"]
[EventCountry "MDA"]
[SourceTitle "CBM 118 Extra"]
[Source "ChessBase"]
[SourceDate "2007.07.04"]
[SourceVersion "1"]
[SourceVersionDate "2007.07.04"]
[SourceQuality "1"]

1. e4 c6 2. d4 d5 3. Nd2 a6 4. Ngf3 dxe4 5. Nxe4 Bf5 6. Ng3 Bg6 7. h4 h6 8. Ne5 Bh7 9. Qh5 g6 10. Qf3 Nf6 11. Bc4 e6 12. Ne4 Bg7 13. Bxh6 0-0 14. Bg5 Qa5+ 15. b4 Qxb4+ 16. c3 Qb2 17. Nxf6+ Bxf6 18. Qxf6 Qxa1+ 19. Ke2 Qb2+ 20. Ke3 Qxc3+ 21. Bd3 Nd7 22. Nxd7 e5 23. dxe5 Rad8 24. Bh6 1-0